<?xml version="1.0" encoding="UTF-8"?>
<record
    xmlns:xsi="http://www.w3.org/2001/XMLSchema-instance"
    xsi:schemaLocation="http://www.loc.gov/MARC21/slim http://www.loc.gov/standards/marcxml/schema/MARC21slim.xsd"
    xmlns="http://www.loc.gov/MARC21/slim">

  <leader>03418    a2200349   4500</leader>
  <controlfield tag="003">NALT</controlfield>
  <controlfield tag="005">20250911154700.0</controlfield>
  <controlfield tag="008">250620b        th ||||| |||| 00| 0 tha d</controlfield>
  <datafield tag="020" ind1=" " ind2=" ">
    <subfield code="a">9786169446408</subfield>
  </datafield>
  <datafield tag="040" ind1=" " ind2=" ">
    <subfield code="a">NALT</subfield>
  </datafield>
  <datafield tag="050" ind1=" " ind2=" ">
    <subfield code="a">HC 740.5.G5</subfield>
    <subfield code="b">&#xE22;365 2567</subfield>
  </datafield>
  <datafield tag="245" ind1="0" ind2="0">
    <subfield code="a">&#xE22;&#xE38;&#xE17;&#xE18;&#xE28;&#xE32;&#xE2A;&#xE15;&#xE23;&#xE4C;&#xE08;&#xE35;&#xE19; : </subfield>
    <subfield code="b">&#xE40;&#xE01;&#xE21;&#xE0A;&#xE34;&#xE07;&#xE2D;&#xE33;&#xE19;&#xE32;&#xE08;&#xE40;&#xE2B;&#xE19;&#xE37;&#xE2D;&#xE40;&#xE2D;&#xE40;&#xE0A;&#xE35;&#xE22; /</subfield>
    <subfield code="c">&#xE1A;&#xE23;&#xE23;&#xE13;&#xE32;&#xE18;&#xE34;&#xE01;&#xE32;&#xE23;, Andrew J. Nathan, Brian C.H. Fong, Jieh-min Wu ; &#xE41;&#xE1B;&#xE25;, &#xE40;&#xE1E;&#xE0A;&#xE23; &#xE2A;&#xE21;&#xE27;&#xE07;&#xE28;&#xE4C;, &#xE01;&#xE24;&#xE28; &#xE2A;&#xE38;&#xE27;&#xE23;&#xE23;&#xE13;&#xE1E;&#xE07;&#xE28;&#xE4C;, Sanit M. ; &#xE1A;&#xE23;&#xE23;&#xE13;&#xE32;&#xE18;&#xE34;&#xE01;&#xE32;&#xE23;&#xE41;&#xE1B;&#xE25;, &#xE0A;&#xE22;&#xE32;&#xE07;&#xE01;&#xE39;&#xE23; &#xE18;&#xE23;&#xE23;&#xE21;&#xE2D;&#xE31;&#xE19;.</subfield>
  </datafield>
  <datafield tag="250" ind1=" " ind2=" ">
    <subfield code="a">&#xE1E;&#xE34;&#xE21;&#xE1E;&#xE4C;&#xE04;&#xE23;&#xE31;&#xE49;&#xE07;&#xE41;&#xE23;&#xE01;.</subfield>
  </datafield>
  <datafield tag="260" ind1=" " ind2=" ">
    <subfield code="a">&#xE01;&#xE23;&#xE38;&#xE07;&#xE40;&#xE17;&#xE1E;&#xE2F; : </subfield>
    <subfield code="b">&#xE2A;&#xE33;&#xE19;&#xE31;&#xE01;&#xE1E;&#xE34;&#xE21;&#xE1E;&#xE4C;&#xE2A;&#xE33;&#xE19;&#xE31;&#xE01;&#xE19;&#xE34;&#xE2A;&#xE34;&#xE15;&#xE2A;&#xE32;&#xE21;&#xE22;&#xE48;&#xE32;&#xE19;,</subfield>
    <subfield code="c">2567.</subfield>
  </datafield>
  <datafield tag="300" ind1=" " ind2=" ">
    <subfield code="a">328 &#xE2B;&#xE19;&#xE49;&#xE32; :</subfield>
    <subfield code="b">&#xE20;&#xE32;&#xE1E;&#xE1B;&#xE23;&#xE30;&#xE01;&#xE2D;&#xE1A;, &#xE15;&#xE32;&#xE23;&#xE32;&#xE07;, &#xE41;&#xE1C;&#xE19;&#xE20;&#xE39;&#xE21;&#xE34; ;</subfield>
    <subfield code="c">21 &#xE0B;&#xE21;.</subfield>
  </datafield>
  <datafield tag="500" ind1=" " ind2=" ">
    <subfield code="a">&#xE41;&#xE1B;&#xE25;&#xE08;&#xE32;&#xE01; China's influence and the center-periphery tug of war in Hong Kong, Taiwan and Indo-Pacific.</subfield>
  </datafield>
  <datafield tag="505" ind1="2" ind2=" ">
    <subfield code="a">01 &#xE17;&#xE1A;&#xE17;&#xE27;&#xE19;&#xE40;&#xE23;&#xE37;&#xE48;&#xE2D;&#xE07;&#xE2D;&#xE34;&#xE17;&#xE18;&#xE34;&#xE1E;&#xE25;&#xE08;&#xE35;&#xE19;&#xE15;&#xE48;&#xE2D;&#xE40;&#xE02;&#xE15;&#xE2D;&#xE33;&#xE19;&#xE32;&#xE08;&#xE40;&#xE2B;&#xE19;&#xE37;&#xE2D;&#xE2D;&#xE32;&#xE13;&#xE32;&#xE40;&#xE02;&#xE15;&#xE23;&#xE2D;&#xE1A;&#xE02;&#xE49;&#xE32;&#xE07;&#xE08;&#xE35;&#xE19; -- 02 &#xE21;&#xE32;&#xE01;&#xE01;&#xE27;&#xE48;&#xE32;&#xE2D;&#xE33;&#xE19;&#xE32;&#xE08;&#xE40;&#xE09;&#xE35;&#xE22;&#xE1A;&#xE02;&#xE32;&#xE14; -- 03 &#xE2D;&#xE34;&#xE17;&#xE18;&#xE34;&#xE1E;&#xE25;&#xE02;&#xE2D;&#xE07;&#xE08;&#xE35;&#xE19;&#xE15;&#xE48;&#xE2D;&#xE01;&#xE32;&#xE23;&#xE40;&#xE25;&#xE37;&#xE2D;&#xE01;&#xE15;&#xE31;&#xE49;&#xE07;&#xE43;&#xE19;&#xE2E;&#xE48;&#xE2D;&#xE07;&#xE01;&#xE07; -- 04 &#xE2D;&#xE34;&#xE17;&#xE18;&#xE34;&#xE1E;&#xE25;&#xE17;&#xE35;&#xE48;&#xE08;&#xE35;&#xE19;&#xE21;&#xE35;&#xE15;&#xE48;&#xE2D;&#xE2A;&#xE37;&#xE48;&#xE2D;&#xE2E;&#xE48;&#xE2D;&#xE07;&#xE01;&#xE07; -- 05 &#xE2D;&#xE34;&#xE17;&#xE18;&#xE34;&#xE1E;&#xE25;&#xE02;&#xE2D;&#xE07;&#xE08;&#xE35;&#xE19;&#xE15;&#xE48;&#xE2D;&#xE01;&#xE32;&#xE23;&#xE40;&#xE25;&#xE37;&#xE2D;&#xE01;&#xE15;&#xE31;&#xE49;&#xE07;&#xE02;&#xE2D;&#xE07;&#xE44;&#xE15;&#xE49;&#xE2B;&#xE27;&#xE31;&#xE19; -- 06 &#xE2D;&#xE34;&#xE17;&#xE18;&#xE34;&#xE1E;&#xE25;&#xE02;&#xE2D;&#xE07;&#xE08;&#xE35;&#xE19;&#xE15;&#xE48;&#xE2D;&#xE40;&#xE28;&#xE23;&#xE29;&#xE10;&#xE01;&#xE34;&#xE08;&#xE02;&#xE2D;&#xE07;&#xE44;&#xE15;&#xE49;&#xE2B;&#xE27;&#xE31;&#xE19; -- 07 &#xE2D;&#xE34;&#xE17;&#xE18;&#xE34;&#xE1E;&#xE25;&#xE02;&#xE2D;&#xE07;&#xE08;&#xE35;&#xE19;&#xE15;&#xE48;&#xE2D;&#xE2A;&#xE37;&#xE48;&#xE2D;&#xE44;&#xE15;&#xE49;&#xE2B;&#xE27;&#xE31;&#xE19; -- 08 &#xE2D;&#xE34;&#xE17;&#xE18;&#xE34;&#xE1E;&#xE25;&#xE02;&#xE2D;&#xE07;&#xE08;&#xE35;&#xE19;&#xE15;&#xE48;&#xE2D;&#xE2D;&#xE38;&#xE15;&#xE2A;&#xE32;&#xE2B;&#xE01;&#xE23;&#xE23;&#xE21;&#xE04;&#xE27;&#xE32;&#xE21;&#xE1A;&#xE31;&#xE19;&#xE40;&#xE17;&#xE34;&#xE07;&#xE02;&#xE2D;&#xE07;&#xE44;&#xE15;&#xE49;&#xE2B;&#xE27;&#xE31;&#xE19; -- 09 &#xE2D;&#xE34;&#xE17;&#xE18;&#xE34;&#xE1E;&#xE25;&#xE02;&#xE2D;&#xE07;&#xE08;&#xE35;&#xE19;&#xE15;&#xE48;&#xE2D;&#xE28;&#xE32;&#xE2A;&#xE19;&#xE32;&#xE43;&#xE19;&#xE44;&#xE15;&#xE49;&#xE2B;&#xE27;&#xE31;&#xE19; -- 10 &#xE2D;&#xE34;&#xE17;&#xE18;&#xE34;&#xE1E;&#xE25;&#xE08;&#xE35;&#xE19;&#xE43;&#xE19;&#xE40;&#xE2D;&#xE40;&#xE0A;&#xE35;&#xE22;&#xE15;&#xE30;&#xE27;&#xE31;&#xE19;&#xE2D;&#xE2D;&#xE01;&#xE40;&#xE09;&#xE35;&#xE22;&#xE07;&#xE43;&#xE15;&#xE49; -- 11 &#xE2D;&#xE34;&#xE17;&#xE18;&#xE34;&#xE1E;&#xE25;&#xE02;&#xE2D;&#xE07;&#xE08;&#xE35;&#xE19;&#xE43;&#xE19;&#xE40;&#xE2D;&#xE40;&#xE0A;&#xE35;&#xE22;&#xE43;&#xE15;&#xE49; -- 12 &#xE2D;&#xE34;&#xE17;&#xE18;&#xE34;&#xE1E;&#xE25;&#xE02;&#xE2D;&#xE07;&#xE08;&#xE35;&#xE19;&#xE43;&#xE19;&#xE2D;&#xE2D;&#xE2A;&#xE40;&#xE15;&#xE23;&#xE40;&#xE25;&#xE35;&#xE22;&#xE41;&#xE25;&#xE30;&#xE19;&#xE34;&#xE27;&#xE0B;&#xE35;&#xE41;&#xE25;&#xE19;&#xE14;&#xE4C; -- 13 &#xE2D;&#xE34;&#xE17;&#xE18;&#xE34;&#xE1E;&#xE25;&#xE08;&#xE35;&#xE19;&#xE01;&#xE31;&#xE1A;&#xE01;&#xE32;&#xE23;&#xE15;&#xE48;&#xE2D;&#xE15;&#xE49;&#xE32;&#xE19;.</subfield>
  </datafield>
  <datafield tag="651" ind1=" " ind2="4">
    <subfield code="a">&#xE08;&#xE35;&#xE19; </subfield>
    <subfield code="x">&#xE04;&#xE27;&#xE32;&#xE21;&#xE2A;&#xE31;&#xE21;&#xE1E;&#xE31;&#xE19;&#xE18;&#xE4C;&#xE23;&#xE30;&#xE2B;&#xE27;&#xE48;&#xE32;&#xE07;&#xE1B;&#xE23;&#xE30;&#xE40;&#xE17;&#xE28;</subfield>
    <subfield code="9">37726</subfield>
  </datafield>
  <datafield tag="651" ind1=" " ind2="0">
    <subfield code="a">&#xE08;&#xE35;&#xE19;</subfield>
    <subfield code="x">&#xE04;&#xE27;&#xE32;&#xE21;&#xE2A;&#xE31;&#xE21;&#xE1E;&#xE19;&#xE18;&#xE4C;&#xE01;&#xE31;&#xE1A;&#xE15;&#xE48;&#xE32;&#xE07;&#xE1B;&#xE23;&#xE30;&#xE40;&#xE17;&#xE28; </subfield>
    <subfield code="z">&#xE20;&#xE39;&#xE21;&#xE34;&#xE20;&#xE32;&#xE04;&#xE41;&#xE1B;&#xE0B;&#xE34;&#xE1F;&#xE34;&#xE01;</subfield>
    <subfield code="9">66251</subfield>
  </datafield>
  <datafield tag="700" ind1="1" ind2=" ">
    <subfield code="a">&#xE1F;&#xE07;, &#xE44;&#xE1A;&#xE23;&#xE2D;&#xE31;&#xE19; &#xE0B;&#xE35;. &#xE40;&#xE2D;&#xE0A;.</subfield>
    <subfield code="9">66243</subfield>
  </datafield>
  <datafield tag="700" ind1="1" ind2=" ">
    <subfield code="a">&#xE2D;&#xE39;&#xE48;, &#xE40;&#xE08;&#xE35;&#xE22;&#xE2B;&#xE21;&#xE34;&#xE19;.</subfield>
    <subfield code="9">66244</subfield>
  </datafield>
  <datafield tag="700" ind1="1" ind2=" ">
    <subfield code="a">&#xE19;&#xE32;&#xE18;&#xE32;&#xE19;, &#xE41;&#xE2D;&#xE19;&#xE14;&#xE23;&#xE34;&#xE27; &#xE40;&#xE08;. </subfield>
    <subfield code="9">66245</subfield>
  </datafield>
  <datafield tag="700" ind1="0" ind2=" ">
    <subfield code="a">&#xE40;&#xE1E;&#xE0A;&#xE23; &#xE2A;&#xE21;&#xE27;&#xE07;&#xE28;&#xE4C;</subfield>
    <subfield code="9">66246</subfield>
  </datafield>
  <datafield tag="700" ind1="0" ind2=" ">
    <subfield code="a">&#xE01;&#xE24;&#xE28; &#xE2A;&#xE38;&#xE27;&#xE23;&#xE23;&#xE13;&#xE1E;&#xE07;&#xE28;&#xE4C;</subfield>
    <subfield code="9">66247</subfield>
  </datafield>
  <datafield tag="700" ind1="0" ind2=" ">
    <subfield code="a">&#xE2A;&#xE19;&#xE34;&#xE17; &#xE40;&#xE2D;&#xE47;&#xE21;</subfield>
    <subfield code="9">66248</subfield>
  </datafield>
  <datafield tag="700" ind1="0" ind2=" ">
    <subfield code="a">&#xE0A;&#xE22;&#xE32;&#xE07;&#xE01;&#xE39;&#xE23; &#xE18;&#xE23;&#xE23;&#xE21;&#xE2D;&#xE31;&#xE19;</subfield>
    <subfield code="9">37268</subfield>
  </datafield>
  <datafield tag="942" ind1=" " ind2=" ">
    <subfield code="c">GB</subfield>
    <subfield code="2">lcc</subfield>
  </datafield>
  <datafield tag="996" ind1=" " ind2=" ">
    <subfield code="a">jidapa.t</subfield>
    <subfield code="b">ACQSTF</subfield>
    <subfield code="c">2025-06-20</subfield>
  </datafield>
  <datafield tag="996" ind1=" " ind2=" ">
    <subfield code="a">varee.k</subfield>
    <subfield code="b">LIBSTF</subfield>
    <subfield code="c">2025-06-23</subfield>
  </datafield>
  <datafield tag="996" ind1=" " ind2=" ">
    <subfield code="a">saiphon.d</subfield>
    <subfield code="b">CATSTF	</subfield>
    <subfield code="c">2025-07-02</subfield>
  </datafield>
  <datafield tag="999" ind1=" " ind2=" ">
    <subfield code="c">106715</subfield>
    <subfield code="d">106715</subfield>
  </datafield>
  <datafield tag="998" ind1=" " ind2=" ">
    <subfield code="j">8</subfield>
    <subfield code="k"> &#xE19;&#xE32;&#xE22;&#xE1A;&#xE31;&#xE13;&#xE11;&#xE34;&#xE15;  &#xE2D;&#xE38;&#xE17;&#xE32;&#xE27;&#xE07;&#xE04;&#xE4C;</subfield>
  </datafield>
  <datafield tag="952" ind1=" " ind2=" ">
    <subfield code="0">0</subfield>
    <subfield code="1">0</subfield>
    <subfield code="2">lcc</subfield>
    <subfield code="4">0</subfield>
    <subfield code="7">0</subfield>
    <subfield code="8">CGBL</subfield>
    <subfield code="a">NALT</subfield>
    <subfield code="b">NALT</subfield>
    <subfield code="c">GEN</subfield>
    <subfield code="d">2025-06-05</subfield>
    <subfield code="e">192</subfield>
    <subfield code="l">1</subfield>
    <subfield code="m">1</subfield>
    <subfield code="o">HC 740.5.G5 &#xE22;365 2567</subfield>
    <subfield code="p">3961215253</subfield>
    <subfield code="r">2025-09-25 00:00:00</subfield>
    <subfield code="s">2025-09-11</subfield>
    <subfield code="w">2025-06-05</subfield>
    <subfield code="y">GB</subfield>
  </datafield>
</record>
